Совершенствование математической модели процесса гидроочистки дизельного топлива путем учета дезактивации катализатора; Проблемы геологии и освоения недр; Т. 2
| Parent link: | Проблемы геологии и освоения недр: труды XXIII Международного симпозиума имени академика М. А. Усова студентов и молодых ученых, посвященного 120-летию со дня рождения академика К. И. Сатпаева, 120-летию со дня рождения профессора К. В. Радугина, Томск, 8-12 апреля 2019 г./ Национальный исследовательский Томский политехнический университет, Инженерная школа природных ресурсов ; гл. ред. А. С. Боев ; под ред. Е. Ю. Пасечник.— , 2019 Т. 2.— 2019.— [С. 335-337] |
|---|---|
| Hovedforfatter: | |
| Institution som forfatter: | |
| Andre forfattere: | , , |
| Summary: | Заглавие с экрана |
| Sprog: | russisk |
| Udgivet: |
2019
|
| Serier: | Современные технологии подготовки и переработки природных ресурсов Химические технологии подготовки и переработки горючих ископаемых |
| Fag: | |
| Online adgang: | http://earchive.tpu.ru/handle/11683/56267 |
| Format: | Electronisk Book Chapter |
| KOHA link: | https://koha.lib.tpu.ru/cgi-bin/koha/opac-detail.pl?biblionumber=630078 |
MARC
| LEADER | 00000naa2a2200000 4500 | ||
|---|---|---|---|
| 001 | 630078 | ||
| 005 | 20240209130004.0 | ||
| 035 | |a (RuTPU)RU\TPU\conf\30961 | ||
| 035 | |a RU\TPU\conf\30950 | ||
| 090 | |a 630078 | ||
| 100 | |a 20191014d2019 k y0rusy50 ca | ||
| 101 | 0 | |a rus | |
| 102 | |a RU | ||
| 105 | |a y z 100zy | ||
| 135 | |a drcn ---uucaa | ||
| 181 | 0 | |a i | |
| 182 | 0 | |a b | |
| 200 | 1 | |a Совершенствование математической модели процесса гидроочистки дизельного топлива путем учета дезактивации катализатора |f Е. П. Коткова, Н. И. Кривцова, Е. В. Францина |g науч. рук. Э. Д. Иванчина | |
| 203 | |a Текст |c электронный | ||
| 225 | 1 | |a Современные технологии подготовки и переработки природных ресурсов | |
| 225 | 1 | |a Химические технологии подготовки и переработки горючих ископаемых | |
| 300 | |a Заглавие с экрана | ||
| 320 | |a [Библиогр.: с. 337 (1 назв.)] | ||
| 461 | 1 | |0 (RuTPU)RU\TPU\conf\30471 |t Проблемы геологии и освоения недр |o труды XXIII Международного симпозиума имени академика М. А. Усова студентов и молодых ученых, посвященного 120-летию со дня рождения академика К. И. Сатпаева, 120-летию со дня рождения профессора К. В. Радугина, Томск, 8-12 апреля 2019 г. |o в 2 т. |f Национальный исследовательский Томский политехнический университет, Инженерная школа природных ресурсов ; гл. ред. А. С. Боев ; под ред. Е. Ю. Пасечник |d 2019 | |
| 463 | 1 | |0 (RuTPU)RU\TPU\conf\30475 |t Т. 2 |v [С. 335-337] |d 2019 | |
| 610 | 1 | |a труды учёных ТПУ | |
| 610 | 1 | |a электронный ресурс | |
| 610 | 1 | |a математические модели | |
| 610 | 1 | |a гидроочистка | |
| 610 | 1 | |a дизельные топлива | |
| 610 | 1 | |a дезактивация | |
| 610 | 1 | |a катализаторы | |
| 610 | 1 | |a коксообразование | |
| 700 | 1 | |a Коткова |b Е. П. | |
| 701 | 1 | |a Кривцова |b Н. И. |c химик-технолог |c доцент Томского политехнического университета, кандидат технических наук |f 1983- |g Надежда Игоревна |3 (RuTPU)RU\TPU\pers\30193 |9 14587 | |
| 701 | 1 | |a Францина |b Е. В. |c химик-технолог |c доцент Томского политехнического университета, кандидат технических наук |f 1985- |g Евгения Владимировна |3 (RuTPU)RU\TPU\pers\25034 |9 11167 | |
| 702 | 1 | |a Иванчина |b Э. Д. |c химик |c профессор Томского политехнического университета, доктор технических наук |f 1951- |g Эмилия Дмитриевна |4 727 | |
| 712 | 0 | 2 | |a Национальный исследовательский Томский политехнический университет |b Инженерная школа природных ресурсов |b Отделение химической инженерии |3 (RuTPU)RU\TPU\col\23513 |
| 801 | 2 | |a RU |b 63413507 |c 20191024 |g RCR | |
| 856 | 4 | |u http://earchive.tpu.ru/handle/11683/56267 | |
| 942 | |c BK | ||